| 000 | 00572nam a2200205 a 4500 | ||
|---|---|---|---|
| 005 | 20220531063706.0 | ||
| 008 | 991125s2002 mx 000 0 spa u | ||
| 020 | _a970710046X | ||
| 035 | _aUPN01000133294 | ||
| 049 | _aCG | ||
| 050 | 4 |
_aPQ8519 B4 _bC6.8a |
|
| 100 | 1 |
_aBenedetti, Mario, _d1920-2009 |
|
| 245 | 1 | 0 |
_aCon y sin nostalgia / _cMario Benedetti. |
| 260 |
_aMéxico : _bSuma de Letras, _c2002. |
||
| 300 | _a164 p. | ||
| 440 | 0 |
_aPunto de lectura ; _v48.16 |
|
| 650 | 4 |
_aCUENTOS URUGUAYOS _910233 |
|
| 650 | 7 |
_aLiteratura uruguaya _2 _95065 |
|
| 905 | _aLibro | ||
| 999 |
_c105446 _d105446 |
||